| 000 | 00425nam a2200157 i 4500 | ||
|---|---|---|---|
| 001 | 102437 | ||
| 003 | ES-MaACL | ||
| 005 | 20230906183117.0 | ||
| 007 | t| | ||
| 008 | 051110s1973 sp ||||1| spa d | ||
| 100 | 1 |
_aMenu, Michel. _980387 |
|
| 245 | 1 | 0 |
_aNuestros hijos de 18 años / _cMichel Menu. |
| 260 |
_aBilbao : _bDescleé de Brouwer, _c1973. |
||
| 300 |
_a230 p. ; _c19 cm. |
||
| 852 |
_aES-MaACL _jC-54542 _bR.87383 |
||
| 999 |
_c102437 _d102437 |
||